Statistics for Complete the film title (George Clooney)

Click here to take the quiz!

General Stats

  • This quiz has been taken 32 times
  • The average score is 12 of 16

Answer Stats

Film Title% Correct
From Dusk till {Dawn}
100%
Ocean's {Eleven}
100%
Batman & {Robin}
96%
O Brother, Where Art {Thou}?
96%
The Thin Red {Line}
96%
Burn After {Reading}
88%
Up in the {Air}
88%
The Ides of {March}
83%
One Fine {Day}
75%
The Men Who Stare at {Goats}
75%
The Perfect {Storm}
54%
Good Night, And Good {Luck}
50%
Intolerable {Cruelty}
50%
Out of {Sight}
50%
Michael {Clayton}
46%
Three {Kings}
42%

Score Distribution

Percentile by Number Answered

Percent of People with Each Score

Your Score History

You have not taken this quiz